000
00192 a2200097 4500
001
3701
100
_a
Pak Pub
245
_a
Pakistan:- 1957-58
260
_a
_b
Pak Pub
_c
090
_c
2957
_d
2957
942
_a
NUST-CAE
_c
M
_c
21746
999
_c
238774
_d
238774